| 000 | 00891cam a22002531a 4500 | ||
|---|---|---|---|
| 001 | 000016342 | ||
| 005 | 20200929164400.0 | ||
| 008 | 770407s1959 mx 000 0 spa | ||
| 010 | _a60042653 | ||
| 040 |
_aDO-SdBNP _cDGU _dOCoLC _dDLC |
||
| 041 | _aBNGR | ||
| 050 | 0 | 0 |
_aBX890 _b.V47 1960 |
| 082 |
_axxx _bV722 |
||
| 245 | 0 | 0 |
_aFray Gaspar de Villarroel : _bsiglo XVII / _cestudio y selecciones de Gonzalo Zaldumbide. |
| 260 |
_aPuebla, (México) : _bJ. M. Cajica, Jr., _c1959. |
||
| 300 |
_a516 p. ; _c22 cm. |
||
| 490 | 0 | _aBiblioteca Ecuatoriana Minima. La Colonia y la República | |
| 500 | _aIncluye apéndice | ||
| 610 | 2 | 0 |
_aCatholic Church. _936453 |
| 650 | 0 |
_aTheology _xHistory _y17th century. _936454 |
|
| 700 | 1 |
_aZaldumbide, Gonzalo, _d1885-1965. _936455 |
|
| 830 | 0 |
_aBiblioteca Ecuatoriana Minima. La Colonia y la República _93109 |
|
| 910 | _aCatalogación por copia / LC | ||
| 999 |
_c15877 _d15877 |
||